| 000 | 00765nam a2200229 a 4500 | ||
|---|---|---|---|
| 001 | 000026698 | ||
| 003 | DO-SdBNP | ||
| 005 | 20251209090616.0 | ||
| 008 | 110324s2001 dr a 000 0 spa d | ||
| 040 |
_aDO-SdBNP _bspa _cBNPHU |
||
| 082 |
_a621.382 _bC352t |
||
| 100 | 1 |
_aCastillo Morel, Héctor _953809 |
|
| 245 | 1 | 0 |
_aTelecomunicaciones : _btutorial técnico / _cHéctor Castillo Morel. |
| 260 |
_aSanto Domingo : _bCentenario, _c2001. |
||
| 300 |
_a562 p. : _bil. ; _c24 cm. |
||
| 590 | _aInventariado,2018/DG | ||
| 650 | 0 |
_aTelecomunicaciones _xInnovaciones tecnológicas _9550 |
|
| 650 | 4 |
_aIndustria de telecomunicaciones _953810 |
|
| 650 | 4 |
_aSistemas tutoriales inteligentes _953811 |
|
| 910 | _aValidado. Control de la calidad EMS. | ||
| 942 |
_2ddc _cLBS1 |
||
| 999 |
_c26190 _d26190 |
||